Record national player by nation - Statistics

General Stats
  • This quiz has been taken 11 times
  • The average score is 16 of 39
Answer Stats
nation games player % Correct
Portugal 221 Cristiano Ronaldo
100%
Argentina 196 Lionel Messi
100%
Coratia 188 Luka Modric
100%
Italy 176 Gianluigi Buffon
90%
Wales 111 Gareth Bale
80%
Irland 146 Robbie Keane
80%
Poland 158 Robert Lewandowski
80%
France 145 Hugo Lloris
70%
Chile 168 Alexis Sanchez
60%
Uruguay 161 Diego Godin
60%
Belgium 157 Jan Vertonghen
60%
Spain 180 Sergio Ramos
60%
Brazil 143 Cafu
50%
Bosnien 141 Edin Dzeko
50%
Nordmazedonien 122 Goran Pandev
50%
Finland 137 Jari Litmanen
50%
Germany 150 Lothar Matthaus
50%
England 126 Peter Shilton
50%
Denmark 144 Christian Eriksen
40%
Slovakia 138 Marek Hamsik
40%
Czechia 124 Petr Cech
40%
Switzerland 137 Granit Xhaka
30%
Austria 125 Marko Arnautovic
30%
Egypt 184 Ahmed Hassan
20%
Cameroon 137 Rigobert Song
20%
Netherlands 134 Wesley Sneijder
20%
Ghana 120 Andre Ayew
10%
Mexico 182 Andres Guardado
10%
United Staates 164 Cobi Jones
10%
Colombia 129 David Ospina
10%
Norway 110 John Arne Riise
10%
Scottland 102 Kenny Dalglish
10%
Turkey 120 Rustu Recber
10%
Russia 128 Sergej Ignashevich
10%
Nigeria 110 Ahmed Musa
0%
Ukrain 144 Anatoliy Tymoshchuk
0%
Serbia 111 Dusan Tadic
0%
Senegal 118 Idrissa Gueye
0%
Australia 109 Mark Schwarzer
0%
No matching quizzes found
Score Distribution
Percent of People with Each Score
Percentile by Number Answered
Your Score History
You have not taken this quiz